[Event "HUN-chT2 Asztalos 1819"]
[Site "Hungary"]
[Date "2019.03.10"]
[Round "7.6"]
[White "Kadar, Gabor"]
[Black "Balint, Richard"]
[Result "1/2-1/2"]
[WhiteElo "2065"]
[BlackElo "2064"]
[PlyCount "69"]
[EventDate "2018.10.28"]
[EventType "team-tourn"]
[EventRounds "9"]
[EventCountry "HUN"]
[SourceTitle "CBM 189 Extra"]
[Source "ChessBase"]
[SourceDate "2019.06.03"]
[SourceVersion "1"]
[SourceVersionDate "2019.06.03"]
[SourceQuality "1"]
[WhiteTeam "Komlo"]
[BlackTeam "Baja Spartacus"]
[WhiteTeamCountry "HUN"]
[BlackTeamCountry "HUN"]

1. d4 Nf6 2. Nc3 d5 3. Bg5 Nbd7 4. f3 h6 5. Bh4 e6 6. e4 Be7 7. e5 Ng8 8. Bf2 c5 9. Bb5 Qc7 10. f4 a6 11. Bd3 c4 12. Be2 b5 13. f5 Nb6 14. fxe6 Bxe6 15. Nf3 Bb4 16. 0-0 Ne7 17. Nd2 Bxc3 18. bxc3 Na4 19. Bg4 Nxc3 20. Qf3 Bxg4 21. Qxg4 0-0 22. Qf3 b4 23. a3 a5 24. axb4 axb4 25. Rxa8 Rxa8 26. Bg3 Ng6 27. e6 Qa7 28. exf7+ Kh7 29. Bf2 Rf8 30. Be3 Qe7 31. Kh1 Nh4 32. Qh3 Ng6 33. Qf3 Nh4 34. Qf2 g5 35. g3 1/2-1/2

[Event "HUN-chT2 Asztalos 1617"]
[Site "Hungary"]
[Date "2016.11.13"]
[Round "4.9"]
[White "Nagy, Balazs"]
[Black "Balint, Richard"]
[Result "0-1"]
[WhiteElo "1797"]
[BlackElo "2046"]
[PlyCount "82"]
[EventDate "2016.09.25"]
[EventType "team-tourn"]
[EventRounds "11"]
[EventCountry "HUN"]
[SourceTitle "EXT 2021"]
[Source "ChessBase"]
[SourceDate "2020.10.23"]
[SourceVersion "1"]
[SourceVersionDate "2020.10.23"]
[SourceQuality "1"]
[WhiteTeam "Marcali"]
[BlackTeam "Baja"]
[WhiteTeamCountry "HUN"]
[BlackTeamCountry "HUN"]

1. d4 f5 2. Nf3 Nf6 3. e3 e6 4. Nbd2 d5 5. Ne5 Bd6 6. Ndf3 0-0 7. c4 c6 8. c5 Bc7 9. b4 b6 10. a4 Ne4 11. h4 Qf6 12. Ba3 bxc5 13. Qc1 c4 14. Be2 Bd6 15. g4 Qe7 16. b5 Bb4+ 17. Kf1 cxb5 18. axb5 fxg4 19. Nxg4 Nd7 20. Bxb4 Qxb4 21. Rb1 Qd6 22. Qc2 Bb7 23. Rg1 Kh8 24. Rg2 Rf5 25. Nfe5 Nxe5 26. Nxe5 Raf8 27. f4 Qa3 28. Qc1 Qe7 29. Bg4 R5f6 30. Bf3 Nd6 31. Qa3 Ra8 32. Ke2 a6 33. Qb4 axb5 34. Qc5 Qd8 35. Bh5 Ne4 36. Nf7+ Rxf7 37. Bxf7 Nxc5 38. Rxb5 Ra2+ 39. Kf3 Rxg2 40. Kxg2 Qd7 41. Rxc5 Qxf7 0-1

[Event "HUN-chT2 Asztalos 1213"]
[Site "Hungary"]
[Date "2012.12.02"]
[Round "5.6"]
[White "Talaber, Istvan"]
[Black "Balint, Richard"]
[Result "1/2-1/2"]
[WhiteElo "1895"]
[BlackElo "2014"]
[PlyCount "112"]
[EventDate "2012.09.16"]
[EventType "team-tourn"]
[EventRounds "9"]
[EventCountry "HUN"]
[SourceTitle "EXT 2014"]
[Source "ChessBase"]
[SourceDate "2013.11.20"]
[SourceVersion "1"]
[SourceVersionDate "2013.11.20"]
[SourceQuality "1"]
[WhiteTeam "Pecs Karmin"]
[BlackTeam "Baja"]
[WhiteTeamCountry "HUN"]
[BlackTeamCountry "HUN"]

1. e4 Nc6 2. Nf3 e5 3. d4 exd4 4. Nxd4 Bc5 5. Be3 Qf6 6. c3 Nxd4 7. Bxd4 Bxd4 8. Qxd4 d6 9. Na3 Bd7 10. Bb5 Qxd4 11. cxd4 Nf6 12. 0-0 0-0-0 13. f3 Bxb5 14. Nxb5 c6 15. Rac1 Kb8 16. Nc3 d5 17. e5 Nd7 18. b4 Nb6 19. a4 Nc4 20. a5 a6 21. Rf2 Rde8 22. f4 f6 23. Na4 Kc7 24. Rc3 Re7 25. Nc5 Rf8 26. f5 Rg8 27. e6 Nd6 28. Rg3 Kd8 29. Rgf3 Kc7 30. Rg3 Ra8 31. Rgf3 b6 32. axb6+ Kxb6 33. Ra2 Nc4 34. g4 h6 35. h4 Rea7 36. Rb3 Kc7 37. Rc3 Kb6 38. Rb3 Kc7 39. Kf2 Kb6 40. Rb1 Nd6 41. Re1 Re8 42. Kf3 Nb5 43. Ke3 Nd6 44. Rea1 Rea8 45. Kf4 Nb5 46. Ke3 Nd6 47. h5 Nb5 48. Na4+ Kc7 49. Rc1 Nd6 50. Nc5 Nc4+ 51. Kd3 Nd6 52. Rd1 Kb6 53. Ra4 Nc4 54. Kc3 Nd6 55. Kd3 Nc4 56. Ra2 Nd6 1/2-1/2

[Event "HUN-chT2 Asztalos 1112"]
[Site "Hungary"]
[Date "2012.04.22"]
[Round "9.8"]
[White "Horvath, Janos"]
[Black "Balint, Richard"]
[Result "1-0"]
[WhiteElo "2086"]
[BlackElo "1989"]
[PlyCount "57"]
[EventDate "2011.09.25"]
[EventType "team-tourn"]
[EventRounds "11"]
[EventCountry "HUN"]
[SourceTitle "EXT 2013"]
[Source "ChessBase"]
[SourceDate "2012.11.22"]
[SourceVersion "1"]
[SourceVersionDate "2012.11.22"]
[SourceQuality "1"]
[WhiteTeam "Kaposvar Bastya"]
[BlackTeam "Baja"]
[WhiteTeamCountry "HUN"]
[BlackTeamCountry "HUN"]

1. e4 e6 2. d4 d5 3. Nd2 Nf6 4. e5 Nfd7 5. Bd3 c5 6. c3 Nc6 7. Ne2 Be7 8. Nf3 0-0 9. 0-0 f6 10. exf6 Bxf6 11. Nf4 Re8 12. Nh5 e5 13. Nxf6+ Qxf6 14. Bg5 Qf7 15. Bxh7+ Kxh7 16. Bh4 Kg8 17. Ng5 Qe7 18. dxe5 Ndxe5 19. f4 Bg4 20. Qxd5+ Nf7 21. Rae1 Qd7 22. Qc4 b6 23. h3 Bf5 24. Rd1 Qe7 25. Rfe1 Qc7 26. g4 Bc2 27. Rc1 Rxe1+ 28. Rxe1 Kf8 29. Ne6+ 1-0

[Event "HUN-chT2 Asztalos 1112"]
[Site "Hungary"]
[Date "2012.03.25"]
[Round "8.8"]
[White "Balint, Richard"]
[Black "Konya, Attila Sr"]
[Result "1-0"]
[WhiteElo "1989"]
[BlackElo "1803"]
[PlyCount "55"]
[EventDate "2011.09.25"]
[EventType "team-tourn"]
[EventRounds "11"]
[EventCountry "HUN"]
[SourceTitle "EXT 2013"]
[Source "ChessBase"]
[SourceDate "2012.11.22"]
[SourceVersion "1"]
[SourceVersionDate "2012.11.22"]
[SourceQuality "1"]
[WhiteTeam "Baja"]
[BlackTeam "Pecs Karmin"]
[WhiteTeamCountry "HUN"]
[BlackTeamCountry "HUN"]

1. e4 c5 2. Nf3 d6 3. d4 cxd4 4. c3 dxc3 5. Nxc3 Nc6 6. Bc4 e6 7. Qe2 a6 8. Be3 Be7 9. 0-0 Nf6 10. Rfd1 Qc7 11. Rac1 0-0 12. a3 Bd7 13. b4 b5 14. Ba2 Qb7 15. Bf4 e5 16. Bg5 Bg4 17. Bxf6 Bxf6 18. Rxd6 Nd4 19. Qe3 Qc7 20. Rd5 Rac8 21. Rc5 Qd6 22. Nd5 h6 23. Nxf6+ gxf6 24. Nxd4 exd4 25. Qxh6 Rxc5 26. Rxc5 Rc8 27. Qg6+ Kf8 28. Qxf7# 1-0

[Event "HUN-chT2 Asztalos 1112"]
[Site "Hungary"]
[Date "2012.01.29"]
[Round "5.8"]
[White "Balint, Richard"]
[Black "Mihaljevic, Branko"]
[Result "1-0"]
[WhiteElo "1989"]
[BlackElo "1958"]
[PlyCount "47"]
[EventDate "2011.09.25"]
[EventType "team-tourn"]
[EventRounds "11"]
[EventCountry "HUN"]
[SourceTitle "EXT 2013"]
[Source "ChessBase"]
[SourceDate "2012.11.22"]
[SourceVersion "1"]
[SourceVersionDate "2012.11.22"]
[SourceQuality "1"]
[WhiteTeam "Baja"]
[BlackTeam "Mohacs"]
[WhiteTeamCountry "HUN"]
[BlackTeamCountry "HUN"]

1. e4 c5 2. Nf3 d6 3. d4 cxd4 4. c3 dxc3 5. Nxc3 g6 6. Bc4 e6 7. Bg5 Qc7 8. Qd4 e5 9. Nd5 Qa5+ 10. Qd2 Qc5 11. b4 Qxc4 12. Rc1 Qxe4+ 13. Kd1 Na6 14. Re1 Qf5 15. Rxe5+ Qxe5 16. Nxe5 h6 17. Nf6+ Nxf6 18. Bxf6 Rh7 19. b5 Be7 20. Bxe7 Kxe7 21. bxa6 dxe5 22. Rc7+ Kf6 23. Qd8+ Kf5 24. Rxc8 1-0

[Event "HUN-chT2 Asztalos 1112"]
[Site "Hungary"]
[Date "2011.10.30"]
[Round "2.6"]
[White "Nador, Zoltan"]
[Black "Balint, Richard"]
[Result "0-1"]
[WhiteElo "1932"]
[BlackElo "1989"]
[PlyCount "64"]
[EventDate "2011.09.25"]
[EventType "team-tourn"]
[EventRounds "11"]
[EventCountry "HUN"]
[SourceTitle "EXT 2013"]
[Source "ChessBase"]
[SourceDate "2012.11.22"]
[SourceVersion "1"]
[SourceVersionDate "2012.11.22"]
[SourceQuality "1"]
[WhiteTeam "Marcali"]
[BlackTeam "Baja"]
[WhiteTeamCountry "HUN"]
[BlackTeamCountry "HUN"]

1. d4 Nf6 2. e3 d5 3. Bd3 Bg4 4. f3 Bh5 5. Nh3 e6 6. Nd2 c5 7. c3 Nc6 8. Nf4 Bd6 9. Nxh5 Nxh5 10. f4 Qh4+ 11. Ke2 cxd4 12. Nf3 Qg4 13. Qg1 dxe3 14. Bxe3 Nxf4+ 15. Bxf4 Qxf4 16. g3 Qh6 17. Qf2 0-0 18. Rhe1 e5 19. Bc2 b6 20. Kf1 Bc5 21. Qe2 e4 22. Nd2 Rad8 23. Kg2 Ne5 24. b4 Bd6 25. Bb3 Bb8 26. Rf1 f5 27. Kh1 Kh8 28. Rf2 e3 29. Rf4 exd2 30. Rh4 Qc6 31. h3 d4+ 32. Kg1 Nf3+ 0-1

[Event "HUN-chT2 Asztalos 1011"]
[Site "Hungary"]
[Date "2010.11.21"]
[Round "6.4"]
[White "Balint, Richard"]
[Black "Vrban, Damir"]
[Result "0-1"]
[WhiteElo "1990"]
[BlackElo "2164"]
[PlyCount "46"]
[EventDate "2010.09.12"]
[EventType "team-tourn"]
[EventRounds "11"]
[EventCountry "HUN"]
[SourceTitle "EXT 2012"]
[Source "ChessBase"]
[SourceDate "2011.11.24"]
[SourceVersion "1"]
[SourceVersionDate "2011.11.24"]
[SourceQuality "1"]
[WhiteTeam "Baja"]
[BlackTeam "Nagyatad"]
[WhiteTeamCountry "HUN"]
[BlackTeamCountry "HUN"]

1. d4 f5 2. e4 fxe4 3. Nc3 Nf6 4. Bg5 c6 5. Bxf6 exf6 6. Nxe4 d5 7. Ng3 Bd6 8. Bd3 0-0 9. N1e2 f5 10. f4 Be6 11. 0-0 Nd7 12. b3 Qh4 13. Rf2 Rae8 14. Nf1 Nf6 15. g3 Qh6 16. Ne3 Ne4 17. Rf1 Bd7 18. Ng2 Re7 19. c4 Be8 20. cxd5 Bh5 21. Qc2 cxd5 22. Rac1 Ba3 23. Rb1 Qb6 0-1

[Event "Paks op-A"]
[Site "Paks"]
[Date "2009.10.01"]
[Round "2"]
[White "Valyi, Adel"]
[Black "Balint, Richard"]
[Result "1-0"]
[WhiteElo "1638"]
[BlackElo "1847"]
[PlyCount "63"]
[EventDate "2009.09.30"]
[EventType "swiss"]
[EventRounds "7"]
[EventCountry "HUN"]
[SourceTitle "EXT 2011"]
[Source "ChessBase"]
[SourceDate "2010.11.26"]
[SourceVersion "1"]
[SourceVersionDate "2010.11.26"]
[SourceQuality "1"]

1. e4 d5 2. d4 dxe4 3. Nc3 f5 4. f3 exf3 5. Nxf3 Nf6 6. Bc4 e6 7. 0-0 Bb4 8. Ng5 Bxc3 9. bxc3 Nd5 10. Re1 0-0 11. Nxe6 Bxe6 12. Rxe6 Kh8 13. Qf3 c6 14. Ba3 Rf7 15. Rae1 Nd7 16. Re8+ Qxe8 17. Rxe8+ Rxe8 18. Bxd5 cxd5 19. Qxd5 Kg8 20. Qxb7 Nf6 21. Qb3 Ng4 22. g3 h5 23. h3 Nf6 24. c4 h4 25. c5 hxg3 26. c6 Nh5 27. c7 Re1+ 28. Kg2 Re2+ 29. Kf1 g2+ 30. Kg1 Nf4 31. c8Q+ Kh7 32. Bb4 1-0